000 00574nam a22002057a 4500
003 OSt
005 20150907134316.0
008 130718t xxu||||| |||| 00| 0 eng d
020 _a9780435044169
050 _aQA 11
_b.T944 2010
082 _aTR 510
_bT85a 2010
100 _aTurner, D A
_91559
245 _aEdexcel IGCSE mathematics A :
_bpractice book 1 /
_cD.A. Turner.
260 _aEngland :
_bPearson,
_c2010.
300 _aiv, 75 pages :
_billustrations ;
_c25 cm.
562 _e1
650 _aMathematics.
_9210
942 _2lcc
_cBK
_kFOR
999 _c6973
_d6973